Обзор применения инновационных методов аддитивных технологий в промышленности; Прогрессивные технологии и экономика в машиностроении
| Parent link: | Прогрессивные технологии и экономика в машиностроении.— 2023.— [С. 11-12] |
|---|---|
| Hovedforfatter: | |
| Institution som forfatter: | |
| Andre forfattere: | |
| Summary: | Заглавие с экрана В данной статье представлен обзор литературы, направленный на анализ аддитивных технологий, сопоставление их с привычными методами производства, также был рассмотрен наиболее перспективный вид аддитивных технологий и включение элементов искусственного интеллекта в процесс работы. This article presents a literature review aimed at analyzing additive technologies, comparing them with conventional production methods, and also considered the most promising type of additive technologies and the inclusion of artificial intelligence elements in the work process. |
| Sprog: | russisk |
| Udgivet: |
2023
|
| Serier: | Современные промышленные технологии |
| Fag: | |
| Online adgang: | http://earchive.tpu.ru/handle/11683/76131 |
| Format: | MixedMaterials Electronisk Book Chapter |
| KOHA link: | https://koha.lib.tpu.ru/cgi-bin/koha/opac-detail.pl?biblionumber=635592 |
MARC
| LEADER | 00000naa2a2200000 4500 | ||
|---|---|---|---|
| 001 | 635592 | ||
| 005 | 20231101133853.0 | ||
| 035 | |a (RuTPU)RU\TPU\conf\37449 | ||
| 035 | |a RU\TPU\conf\37448 | ||
| 090 | |a 635592 | ||
| 100 | |a 20230427d2023 k y0rusy50 ca | ||
| 101 | 0 | |a rus |d eng | |
| 102 | |a RU | ||
| 105 | |a y z 101zy | ||
| 135 | |a drgn ---uucaa | ||
| 181 | 0 | |a i | |
| 182 | 0 | |a b | |
| 200 | 1 | |a Обзор применения инновационных методов аддитивных технологий в промышленности |f В. В. Тарханов |g науч. рук. Т. С. Гусева | |
| 203 | |a Текст |c электронный | ||
| 225 | 1 | |a Современные промышленные технологии | |
| 230 | |a 1 компьютерный файл (pdf; 273 Kb) | ||
| 300 | |a Заглавие с экрана | ||
| 320 | |a [Библиогр.: с. 12 (5 назв.)] | ||
| 330 | |a В данной статье представлен обзор литературы, направленный на анализ аддитивных технологий, сопоставление их с привычными методами производства, также был рассмотрен наиболее перспективный вид аддитивных технологий и включение элементов искусственного интеллекта в процесс работы. | ||
| 330 | |a This article presents a literature review aimed at analyzing additive technologies, comparing them with conventional production methods, and also considered the most promising type of additive technologies and the inclusion of artificial intelligence elements in the work process. | ||
| 463 | 0 | |0 (RuTPU)RU\TPU\conf\37447 |t Прогрессивные технологии и экономика в машиностроении |o сборник трудов XIV Всероссийской научно-практической конференции для студентов и учащейся молодежи, 6-8 апреля 2023 г., Юрга |f Национальный исследовательский Томский политехнический университет (ТПУ), Юргинский технологический институт (ЮТИ) ; под ред. С. А. Солодского |v [С. 11-12] |d 2023 | |
| 610 | 1 | |a электронный ресурс | |
| 610 | 1 | |a труды учёных ТПУ | |
| 610 | 1 | |a инновационные методы | |
| 610 | 1 | |a аддитивные технологии | |
| 610 | 1 | |a искусственный интеллект | |
| 610 | 1 | |a промышленность | |
| 610 | 1 | |a additive technologies (AT) | |
| 610 | 1 | |a additive manufacturing (AM) | |
| 610 | 1 | |a direct laser growth | |
| 610 | 1 | |a laser polishing | |
| 610 | 1 | |a intelligent evaluation | |
| 610 | 1 | |a metal powder meltin | |
| 700 | 1 | |a Тарханов |b В. В. | |
| 702 | 1 | |a Гусева |b Т. С. |c горный инженер |c ассистент кафедры Томского политехнического университета |f 1998- |g Таисия Сергеевна |2 stltpush |4 727 | |
| 712 | 0 | 2 | |a Национальный исследовательский Томский политехнический университет |b Юргинский технологический институт |c (2009- ) |h 349 |2 stltpush |3 (RuTPU)RU\TPU\col\15903 |
| 801 | 2 | |a RU |b 63413507 |c 20230615 |g RCR | |
| 856 | 4 | |u http://earchive.tpu.ru/handle/11683/76131 | |
| 942 | |c BK | ||